US States with Mountain Lions - Statistics

General Stats
  • This quiz has been taken 41 times
    26 since last reset
  • The average score is 16 of 17
Answer Stats
Hint Answer % Correct
1,300 Arizona
100%
4,000 California
100%
3,000 Colorado
100%
2,000 Idaho
100%
5,300 Montana
100%
40 Nebraska
100%
2,200 Nevada
100%
2,500 Oregon
100%
200 South Dakota
100%
1,600 Utah
100%
2,400 Washington
100%
2,000 Wyoming
100%
3,000 New Mexico
93%
80 North Dakota
93%
5,607 Texas
93%
100 Arkansas
71%
200 Florida
71%
No matching quizzes found
Score Distribution
Percent of People with Each Score
Percentile by Number Answered
Your Score History
You have not taken this quiz since the last reset